| 000 | 006270000a22001210004500 | ||
|---|---|---|---|
| 100 | 1 | _aCorrea Ulloa, Juan David | |
| 245 | 1 | 0 | _aEl escritor que no debía ser : Osvaldo Soriano |
| 300 | _aVol.0, núm.17 (Febrero, 2007), PáginaS 22-23 | ||
| 500 | _aEditor de Arcadia | ||
| 520 | _a¿Por qué lo despreció la crítica? ¿Por qué a diez años de su muerte aún se debate si era un escritor comercial y no un escritor serio? Especiales en diarios vuelven a revivir la polémica. Osvaldo 'el Gordo' Soriano se fue sin saberlo, pero sus libros hablan por él. | ||
| 773 | 0 | _tArcadia / Andrés Felipe Solano, Editor | |
| 942 | _cANA | ||
| 999 |
_c61918 _d61918 |
||